000 00785nam a22001217a 4500
008 110627t xxu||||| |||| 00| 0 eng d
010 _aHCAACF133
245 _aHigh Court Administration Cause No. 30 OF 1975 In The Matter Of The Estate Of The Estate Of The Late Esero Kizito Of Nansana and In The Matter Of An Application For Letters Of Administration By Stanley Musisi, Rev. Yakobo Baddokwaya and Yuliana Kizito Father, Uncle and Widow Respectively., Esero Kizito Vs Rev. Yakobo Baddokwaya and others
260 _c1975
500 _aBefore: The Hon. Mr. Justice B.B. Asthana
999 _c3991
_d3991